000 00557nam a2200193Ii 4500
003 JO-AjNU
008 230606s9999||||xx |||||||||||||| ||und||
020 _a978-1-84265-772-0
040 _aJO-AjNU
_beng
_erda
_cJO-AjNU
041 _aeng
050 1 4 _aQA372.2013
100 3 _aRai.b/Choudhury.d.p,
_eauthor
_94287
245 0 0 _aAcourse In ordinary Differential Equations
300 _a476p
336 _atext
_btxt
_2rdacontent
337 _aunmediated
_bn
_2rdamedia
338 _avolume
_bnc
_2rdacarrier
650 4 _a Differential equations 
_94288
999 _aE2229
_c2227
_d2227